00466 2200193 4500001002100000005001500021008004100036020002200077035001900099041000700118082001000125090001600135100001500151245003100166260002400197300003000221500000600251650001500257INLIS00000000000356920241224112740241224||||||||| | ||| |||| || |  a978-979-054-253-2 0010-1224003569 aid0 a613.4 a613.4 ADI m0 aH. R. Adia00aMenjaga Kebersihan Pakaian aBogorbQuadrac2010 aiv, 60 hlm.; ilus.: 25 cm a1 0aKebersihan